|
|
|
|
| LEADER |
00926nam a2200253 a 4500 |
| 001 |
12611557 |
| 008 |
101202s2003 njua b 001 0 eng d |
| 010 |
|
|
|a 2001058329
|
| 020 |
|
|
|a 0130670898 (pbk.)
|
| 040 |
|
|
|a DLC
|c DLC
|d DLC
|c BD-DhAAL
|
| 082 |
0 |
0 |
|a 658
|2 21
|
| 100 |
1 |
|
|a Certo, Samuel C.
|
| 245 |
1 |
0 |
|a Modern management :
|b adding digital focus /
|c Samuel C. Certo.
|
| 250 |
|
|
|a 9th ed.
|
| 260 |
|
|
|a Upper Saddle River, NJ :
|b Prentice Hall,
|c c2003.
|
| 300 |
|
|
|a xxv, 595 p. :
|b ill. ;
|c 28 cm. +
|e 1 CD-ROM (4 3/4 in.)
|
| 504 |
|
|
|a Includes bibliographical references and index.
|
| 541 |
1 |
|
|e 0009866
|
| 650 |
|
0 |
|a Management.
|
| 650 |
|
0 |
|a Industrial management.
|
| 650 |
|
0 |
|a Social responsibility of business.
|
| 650 |
|
0 |
|a Technological innovations.
|
| 999 |
|
|
|c 10136
|d 10136
|
| 952 |
|
|
|0 0
|1 0
|2 ddc
|4 0
|6 658_CER
|7 0
|9 13417
|a BRACUL
|b BRACUL
|c GEN
|d 2010-12-05
|l 5
|m 20
|o 658 CER
|p 3010009866
|r 2017-12-03
|s 2017-08-08
|t 1
|w 2010-12-05
|y BK
|